000 01538cam a2200373 i 4500
001 20379791
003 ARRUPE
005 20220413115954.0
008 180227s2017 sa a b 001 0deng d
010 _a 2017495633
020 _a9781868428182
035 _a(OCoLC)on1011094734
040 _aOH#
_beng
_cOH#
_erda
_dZ@L
_dTJC
_dYDX
_dNAM
_dDLC
042 _alccopycat
043 _af-sa---
050 0 0 _aDT1977
_b.B37 2017
100 1 _aBasson, Adriaan,
_eauthor.
_951330
245 1 0 _aEnemy of the people :
_bhow Jacob Zuma stole South Africa and how the people fought back /
_cAdriaan Basson & Pieter du Toit.
260 _aJohannesburg
_bJonathan Ball
_c2017
300 _axxi, 338 pages :
_billustrations ;
_c23 cm
504 _aIncludes bibliographical references (pages 292-322) and index.
600 1 0 _aZuma, Jacob
_xEthics.
_951331
610 2 0 _aAfrican National Congress
_xCorrupt practices.
_951332
650 0 _aCivil society
_zSouth Africa.
_951333
650 0 _aPolitical participation
_zSouth Africa.
_951334
650 0 _aGovernment accountability
_zSouth Africa.
_951335
650 0 _aPolitical corruption
_zSouth Africa.
_951336
650 0 _aMisconduct in office
_zSouth Africa.
_951337
651 0 _aSouth Africa
_xPolitics and government
_y1994-
700 1 _aDu Toit, Pieter,
_eauthor.
_951338
906 _a7
_bcbc
_ccopycat
_d3
_encip
_f20
_gy-gencatlg
942 _2lcc
_cMONOGRAPH
999 _c131306
_d131306